000 00158nam a22000857a 4500
082 _a823
100 _aLOUIS STEVESON
245 _aTHE LITTLE MERMAID
942 _cBK
999 _c8423
_d8423